Văn học Anh: Lược sử và trích giảng = English literature
Zapisane w:
| 1. autor: | |
|---|---|
| Format: | Książka |
| Język: | Undetermined |
| Wydane: |
Đồng Nai
Nxb. Đồng Nai
2000
|
| Hasła przedmiotowe: | |
| Etykiety: |
Dodaj etykietę
Nie ma etykietki, Dołącz pierwszą etykiete!
|
| Thư viện lưu trữ: | Trung tâm Học liệu Trường Đại học Cần Thơ |
|---|
| LEADER | 00563nam a2200193Ia 4500 | ||
|---|---|---|---|
| 001 | CTU_39826 | ||
| 008 | 210402s9999 xx 000 0 und d | ||
| 082 | |a 820.7 | ||
| 082 | |b S550 | ||
| 100 | |a Lê Văn Sự | ||
| 245 | 0 | |a Văn học Anh: Lược sử và trích giảng = | |
| 245 | 0 | |b English literature | |
| 245 | 0 | |c Lê Văn Sự | |
| 260 | |a Đồng Nai | ||
| 260 | |b Nxb. Đồng Nai | ||
| 260 | |c 2000 | ||
| 650 | |a English literature | ||
| 650 | |x History and criticism | ||
| 980 | |a Trung tâm Học liệu Trường Đại học Cần Thơ | ||